Les arrêts du bus 39 à Toulouse - Statistiques

Statistiques générales
  • Ce quiz a été pris 8 fois
  • Le résultat moyen est 7 sur 12
Statistiques - réponses
quartier arrêt % Correct
Matabiau Jeanne d'Arc
100%
Matabiau Place Roquelaine
100%
Roseraie Amouroux
83%
Bonnefoy Arago
83%
Bonnefoy Eglise Bonnefoy
67%
Bonnefoy Hauts de Bonnefoy
67%
Matabiau Pont Matabiau
67%
Bonnefoy Matabiau - Raynal
50%
Bonnefoy Barrière de Croix-Daurade
33%
Bonnefoy Sainte-Hélène
33%
Roseraie Roubichou
17%
Roseraie Sainte-Augustine
17%
Aucun quiz correspondant
Distribution des résultats
% des personnes avec chaque résultat
Percentile par nombre de réponses
Votre historique - résultats
Vous n’avez pas pris ce quiz